Código de justicia militar

Salvato in:
Dettagli Bibliografici
Natura: Libro
Lingua:spagnolo
Pubblicazione: Santiago Lexis Nexis 2008
Edizione:8a. ed
Soggetti:
Tags: Aggiungi Tag
Nessun Tag, puoi essere il primo ad aggiungerne!!

MARC

LEADER 00000nam a2200000 a 4500
001 UCI9454
003 CL-VaPUC
008 081120e20080000CL |||||||||||||||||spa|d
020 |a 9562384500 
082 0 4 |a 343.8301026  |b COD  |2 21 
245 1 0 |a Código de justicia militar 
250 |a 8a. ed 
300 |a 297 p 
942 |c BK 
945 |d 20081120 00:00:00  |a rbrito 
260 |a Santiago  |b Lexis Nexis  |c 2008 
650 0 |a Código de justicia militar  |9 371893 
650 7 |a JUSTICIA MILITAR  |2 CL-VaPUC  |9 533236 
650 7 |a TRIBUNALES MILITARES  |2 CL-VaPUC  |9 328495 
650 0 |a Derecho internacional  |9 255637 
583 |a last modification  |c 20081120 00:00:00  |k Rodrigo Vera 
999 |c 331990  |d 331988 
952 |0 0  |1 0  |2 ddc  |4 0  |6 343_830102600000000_COD_2008  |7 0  |8 FOND_LRYV  |9 419299  |a BIBDER  |b BIBDER  |d 2019-11-22  |i 4498941  |o 343.8301026 COD 2008  |p 4498941  |r 2023-01-25  |w 2019-11-22  |y BK_X  |k DER